01063nas a2200229Ia 4500001001100000003000900011008004100020040001300061040001300074041001300087100004700100210004200147222004200189245009900231250001100330260004000341501008600381300001800467362003900485500026600524650004300790R144/C1064IT-RoPAU151124c99999999xx |||||||||||| ||und|| aIT-RoPAU cIT-RoPAU aFRANCESE aChanial PhilippegCodice Aut. SPICS: 46170 aQUADERNI-LA REVUE DE LA COMMUNICATION aQuaderni-La Revue De La Communication aQUADERNI, N.018 (1992) - LES ESPACES PUBLICSbEspaces Publics, Sciences Sociales Et Demodratie a1a ed. aCOLOMBES (FRANCIA)bAZ PRESSEc1992 bPaulus - SPICS - Società San Paolo EM (non-commercial uses only)cCopyright2015 a11 p. [63-73] aN.018 (1992) - LES ESPACES PUBLICS aSpazi Pubblici, Scienze Sociali e Democrazia. Spazio Pubblico tra Ideologia e Metafora. Forme di Pubblico. Ricostruzione di Habermas: Normatività e Pluralità. Pubblicità Come Paradigma: da H. Arendt All'Etnometodologia. Spazio Pubblico Come Paradigma e Co aCOMUNICAZIONEvPUBBLICAZIONE PERIODICA